000
00206 a2200097 4500
001
25635
100
_a
Chapman, J A
245
_a
Maxims of Ali
260
_a
_b
Muhammad Ashraf
_c
1968
090
_c
17329
_d
17329
942
_a
NUST-CAE
_c
M
_c
8146
999
_c
260708
_d
260708